00358ntaaa2200145 45000030003000000050017000030080021000200400037000410820017000781000018000952450026001132500043001393000011001826500019001930120251027201943.00714s1973 ag 01  aAR-BaBNbspacAR-BaBNeaacrdRIC a248.0000 C85 aCrane, Frank  aWhy am I a Christian? a1 ed. : bWm. H. Wise and Co., cc/924 a344 p. aVida Cristiana